000 00608nam a2200229 i 4500
001 bg
100 1 _aPAWLAK, Marek
245 1 0 _aPodstawy zarządzania projektami /
_cMarek Pawlak ; Politechnika Lubelska.
260 _aLublin :
_bWydaw. PL,
_c2001.
300 _a244 s. ;
_c24 cm.
504 _aBibliogr.
650 9 _aZarządzanie
_xmetody
650 9 _aInżynieria systemów
710 0 _aPolitechnika Lubelska
020 _a8388110837
040 _cBPK
041 0 _apl
080 _a65.012.4:62:007.5
920 _a83-88110-83-7
942 _cKS
008 s pl f |000 0 pol
999 _c40890
_d40890
856 _uhttp://koha.tu.koszalin.pl/cgi-bin/koha/opac-detail.pl?biblionumber=40890
_yKatalog online BPK